LEADER 02165oam 2200541 450 001 9910708286803321 005 20150602121933.0 035 $a(CKB)2560000000117325 035 $a(OCoLC)856653249 035 $a(EXLCZ)992560000000117325 100 $a20130823d2013 ua 0 101 0 $aeng 135 $aurbn||||a|||| 181 $ctxt$2rdacontent 182 $cc$2rdamedia 183 $acr$2rdacarrier 200 14$aThe Federal Employees Health Benefits Program $eis it a good value for federal employees? : hearing before the Subcommittee on Federal Workforce, U.S. Postal Service and the Census of the Committee on Oversight and Government Reform, House of Representatives, One Hundred Thirteenth Congress, first session, April 11, 2013 210 1$aWashington :$cU.S. Government Printing Office,$d2013. 215 $a1 online resource (iii, 131 pages) $cillustrations 300 $aTitle from title screen (viewed on Aug. 23, 2013). 300 $aPaper version available for sale by the Superintendent of Documents, U.S. Government Printing Office. 300 $aIncludes bibliographical references. 300 $a"Serial no. 113-32." 320 $aIncludes bibliographical references. 517 $aFederal Employees Health Benefits Program 606 $aGovernment employees' health insurance$zUnited States 606 $aMedical care, Cost of$zUnited States 606 $aHealth insurance premiums$zUnited States 606 $aGovernment employees' health insurance$2fast 606 $aHealth insurance premiums$2fast 606 $aMedical care, Cost of$2fast 607 $aUnited States$2fast 615 0$aGovernment employees' health insurance 615 0$aMedical care, Cost of 615 0$aHealth insurance premiums 615 7$aGovernment employees' health insurance. 615 7$aHealth insurance premiums. 615 7$aMedical care, Cost of. 801 0$bGPO 801 1$bGPO 801 2$bCOO 801 2$bOCLCO 801 2$bOCLCF 801 2$bGPO 906 $aBOOK 912 $a9910708286803321 996 $aThe Federal Employees Health Benefits Program$92883230 997 $aUNINA LEADER 01601oam 2200361z- 450 001 9910151604603321 005 20240626102602.0 035 $a(CKB)3710000000951794 035 $a(BIP)051802431 035 $a(VLeBooks)9781850772804 035 $a(Perlego)2747738 035 $a(EXLCZ)993710000000951794 100 $a20210913d2016 uy | 101 0 $aeng 181 $ctxt$2rdacontent 182 $cc$2rdamedia 183 $acr$2rdacarrier 200 00$aThe Confines of the Shadow $eThe Colonial Conquest 210 $cDarf Publishers 215 $a1 online resource (378 p.) $cill 311 08$a9781850772781 311 08$a1850772789 311 08$a9781850772804 311 08$a1850772800 330 8 $aOriginally published in Italian, this collection of novels and short stories follows Benghazi's transformation from Ottoman rule, through Italian colonisation, and up to King Idris's kingdom in the 1960s. Employing a cosmopolitan array of characters, ranging from Ottoman functionaries, to Sanussi aristocrats and Italian officers, Spina chronicles Italy's colonial experience from the euphoria of conquest to the rise and fall of Fascism to the country's independence in the 1950s . The book concludes with the discovery of Libya's oil fields, which led to Gaddafi's reign. 610 $aFiction 610 $aLibya 676 $a853.914 700 $aSpina$b Alessandro Naffis-Sahely, Andre Spina, Alessandro Spina, Alessandro Spina, Alessandro$01747906 906 $aBOOK 912 $a9910151604603321 996 $aThe Confines of the Shadow$94180217 997 $aUNINA